宮城県の「町」の読み - Statistics

General Stats
  • This quiz has been taken 28 times
  • The average score is 15 of 20
Answer Stats
Question Answer % Correct
七ヶ宿町 まち
89%
川崎町 まち
82%
亘理町 ちょう
82%
松島町 まち
82%
利府町 ちょう
82%
南三陸町 ちょう
82%
柴田町 まち
79%
丸森町 まち
79%
山元町 ちょう
79%
大和町 ちょう
79%
色麻町 ちょう
75%
加美町 まち
75%
村田町 まち
71%
七ヶ浜町 まち
71%
涌谷町 ちょう
71%
美里町 まち
71%
蔵王町 まち
68%
大河原町 まち
68%
女川町 ちょう
64%
大郷町 ちょう
61%
No matching quizzes found
Score Distribution
Percent of People with Each Score
Percentile by Number Answered
Your Score History
You have not taken this quiz